| 000 | 00955pam a2200289 a 4500 | ||
|---|---|---|---|
| 001 | 4328562 | ||
| 003 | OSt | ||
| 005 | 20231021120327.0 | ||
| 008 | 880421s1989 maua b 001 0 eng | ||
| 010 | _a 88015383 | ||
| 020 | _a0201093146 | ||
| 040 |
_aDLC _cDLC _dDLC |
||
| 050 | 0 | 0 |
_aTA403 _b.V35 1989 |
| 082 | 0 | 0 |
_a620.11 VAN 1989 _219 |
| 100 | 1 |
_aVan Vlack, Lawrence H. _94955 |
|
| 245 | 1 | 0 | _aElements of Materials Science and Engineering |
| 250 | _a6th ed. | ||
| 260 |
_aReading, Mass; _bAddison-Wesley, _cc1989. |
||
| 300 |
_axxi, 598 p. : _bill. (some col.) ; _c24 cm. |
||
| 440 | 0 |
_aAddison-Wesley series in metallurgy and materials engineering _94956 |
|
| 500 | _aIncludes index. | ||
| 504 | _aBibliography: p. 581-583. | ||
| 650 | 0 |
_aScience materials. _94946 |
|
| 650 | 0 |
_aEngineering _94957 |
|
| 942 |
_2z _cSLOAN |
||
| 999 |
_c1886 _d1886 |
||